Economics
The book evolves along with the science it surveys. Every chapter has moved forward in time to keep pace with economic analysis policy
Đã lưu trong:
| Príomhúdar: | |
|---|---|
| Formáid: | Leabhar |
| Teanga: | Undetermined |
| Foilsithe: |
New York
McGraw-Hill
1992
|
| Ábhair: | |
| Clibeanna: |
Cuir Clib Leis
Gan Chlibeanna, Bí ar an gcéad duine leis an taifead seo a chlibeáil!
|
| Thư viện lưu trữ: | Trung tâm Học liệu Trường Đại học Cần Thơ |
|---|
| LEADER | 00635nam a2200193Ia 4500 | ||
|---|---|---|---|
| 001 | CTU_18548 | ||
| 008 | 210402s9999 xx 000 0 und d | ||
| 082 | |a 330 | ||
| 082 | |b S193/1992 | ||
| 100 | |a Samuelson, Paul Anthony | ||
| 245 | 0 | |a Economics | |
| 245 | 0 | |c Paul Anthony Samuelson, William D. Nordhaus | |
| 260 | |a New York | ||
| 260 | |b McGraw-Hill | ||
| 260 | |c 1992 | ||
| 520 | |a The book evolves along with the science it surveys. Every chapter has moved forward in time to keep pace with economic analysis policy | ||
| 650 | |a Economics | ||
| 904 | |i Minh, Hải | ||
| 980 | |a Trung tâm Học liệu Trường Đại học Cần Thơ | ||